| 000 | 00614nam a2200205Ia 4500 | ||
|---|---|---|---|
| 003 | GCL | ||
| 008 | 140319s9999 xx 000 0 ara d | ||
| 040 |
_aGCL / _cGCL |
||
| 082 | 0 | 4 |
_a370.13 _bع ث |
| 100 | 1 | _aعبدالله عبدالدائم | |
| 245 | 1 | 0 |
_aالثورة التكنولوجية فى التربية العربية / _cعبدالله عبدالدائم |
| 300 | _a327 ص | ||
| 490 | _a | ||
| 650 | 0 | 4 | _aالتربية |
| 650 | 0 | 4 | _aالتخطيط التربوى |
| 650 | 0 | 4 | _aالادارة التعليمية |
| 650 | 0 | 4 | _aالمستقبل |
| 650 | 0 | 4 | _aالمدرسون |
| 942 |
_2ddc _cBK |
||
| 999 |
_c37525 _d37525 |
||